K manažmentu komunikácie pri získavaní finančných prostriedkov z eurofondov
Snaha Európskeho spoločenstva o zmenšovanie rozdielov v úrovni rozvoja regiónov a zaostávania znevýhodnených regiónov. Charakteristika cieľov a nástrojov európskej regionálnej politiky a regionálnej politiky Slovenskej republiky. Štrukturálne fondy - hlavné finančné zdroje a nástroje. Komunikácia me...
Na minha lista:
| Autor principal: | |
|---|---|
| Outros Autores: | |
| Formato: | Capítulo de Livro |
| Idioma: | eslovaco |
| Assuntos: | |
| Tags: |
Sem tags, seja o primeiro a adicionar uma tag!
|
MARC
| LEADER | 00000nla$a2200000$$$4500 | ||
|---|---|---|---|
| 001 | 0106567 | ||
| 005 | 20240502072159.9 | ||
| 041 | 0 | |a slo | |
| 044 | |a SK | ||
| 245 | 1 | 0 | |a K manažmentu komunikácie pri získavaní finančných prostriedkov z eurofondov |c Miroslava Szarková, Alexandra Drgová |
| 520 | |a Snaha Európskeho spoločenstva o zmenšovanie rozdielov v úrovni rozvoja regiónov a zaostávania znevýhodnených regiónov. Charakteristika cieľov a nástrojov európskej regionálnej politiky a regionálnej politiky Slovenskej republiky. Štrukturálne fondy - hlavné finančné zdroje a nástroje. Komunikácia medzi inštitúciami a žiadateľmi finančných zdrojov - výsledky prieskumu uskutočneného v rokoch 2004-2006 vo vybraných inštitúciách. Hlavné komunikačné bariéry. Návrhy na skvalitnenie riadenia a na zlepšenie komunikačného procesu. | ||
| 610 | 2 | 0 | |a politika regionálna |
| 610 | 2 | 0 | |a fondy štruktúrne |
| 610 | 2 | 0 | |a financovanie |
| 610 | 2 | 0 | |a financie |
| 610 | 2 | 0 | |a komunikácia |
| 610 | 2 | 0 | |a informácie |
| 610 | 2 | 0 | |a Európska únia |
| 610 | 2 | 0 | |a Slovensko |
| 100 | 1 | |a Szarková, Miroslava, 1951- | |
| 700 | 1 | |a Drgová, Alexandra | |